000 00389nam a2200157Ia 4500
003 LK-CoDNM
008 010623t1928 xxu||||| |||| 00| 1 eng d
040 _aLK-CoDNM
_dLK-CoDNM
_eLK-CoDNM
041 _aeng
080 _aC 28
245 _aCeylon Observer Christmas number,1928
260 _bLake House
_aColombo
_c1928
300 _b70p,ill,pl., 33 cm
650 _aJungles
942 _cBK
999 _c94281
_d94281